LIBRARY & INFORMATION CENTRE, KCAET, TAVANUR

ONLINE PUBLIC ACCESS CATALOGUE (OPAC)

Leaves of grass / (Record no. 5900)

MARC details
000 -LEADER
fixed length control field 00358cam a2200145ua 4500
041 ## - LANGUAGE CODE
Language code of text/sound track or separate title eng
082 ## - DEWEY DECIMAL CLASSIFICATION NUMBER
Classification number 821
Item number PEA/LE
100 ## - MAIN ENTRY--AUTHOR NAME
Personal name Pearce, Roy Harvey .
245 ## - TITLE STATEMENT
Title Leaves of grass /
260 ## - PUBLICATION, DISTRIBUTION, ETC. (IMPRINT)
Place of publication New York :
Name of publisher Great Seal Books ,
Year of publication 1961.
300 ## - PHYSICAL DESCRIPTION
Number of Pages 465 ; .
942 ## - ADDED ENTRY ELEMENTS (KOHA)
Koha item type Books
Holdings
Withdrawn status Lost status Damaged status Home library Current library Date acquired Full call number Accession Number Koha item type
Withdrawn     KAUAET Malayalam University 07/04/2012 821 5312 Books
free website counter